| 000 | nam a22 7a 4500 | ||
|---|---|---|---|
| 999 |
_c25139 _d25139 |
||
| 008 | 170130b xxu||||| |||| 00| 0 eng d | ||
| 020 | _a0471231207 | ||
| 050 | _aQA 303 .S25 2003 | ||
| 100 |
_aSalas. _d2003 |
||
| 245 |
_aCalculus: _bOne and several variables/ _cSalas, Hille, Etgen. |
||
| 250 | _a9th ed. | ||
| 260 |
_aUSA: _bJohn wiley & sons, _c2003. |
||
| 300 |
_axv, 1140, [124]p.: _bill.; _c28cm. |
||
| 521 | _aIncludes index. | ||
| 650 | _aCalculus. | ||
| 700 | _aHille. | ||
| 700 | _aEtgen. | ||
| 942 |
_2lcc _cBOOKS _hQA 303 .S25 2003 |
||